000 00917nam a2200217 i 4500
001 131640
003 ES-MaACL
005 20251012063051.0
007 t|
008 070214s1975 sp r ||||1| spa d
100 1 _aRodríguez Campomanes, Pedro,
_d1723-1803
_998399
245 1 0 _aDiscurso sobre el fomento de la industria popular (1774)
_b; Discurso sobre la educación popular de los artesanos y su fomento (1775) /
_cPedro Rodríguez Campomanes ; editados por John Reeder.
260 _aMadrid :
_bInstituto de Estudios Fiscales,
_c1975.
300 _a344 p. :
_bil. ;
_c21 cm.
651 4 _aEspaña-
_xPolítica industrial-
_yS.XVIII.
_98432
700 1 _aReeder, John.
_995847
710 2 _aInstituto de Estudios Fiscales (España)
_9169207
740 0 _aDiscurso sobre la educación popular de los artesanos y su fomento (1775)
852 _aES-MaACL
_jL-970
_bR.101594
999 _c131640
_d131640